Medicinal and aromatic plants in Asia : (Record no. 68922)
[ view plain ]
| 000 -LEADER | |
|---|---|
| fixed length control field | 00823nam a2200265 a 4500 |
| 001 - CONTROL NUMBER | |
| control field | 68922 |
| 003 - CONTROL NUMBER IDENTIFIER | |
| rucl marc code | BD-RjUL |
| 005 - DATE AND TIME OF LATEST TRANSACTION | |
| control field | 20211209081829.0 |
| 008 - FIXED-LENGTH DATA ELEMENTS--GENERAL INFORMATION | |
| fixed length control field | 170408s1995 ii ||||| |||| 00| 0 eng d |
| 020 ## - INTERNATIONAL STANDARD BOOK NUMBER | |
| International Standard Book Number | 812041005X |
| 035 ## - SYSTEM CONTROL NUMBER | |
| System control number | (BD-RjUL)69133 |
| 040 ## - CATALOGING SOURCE | |
| Original cataloging agency | BD-RjUL |
| Language of cataloging | eng |
| Transcribing agency | BD-RjUL |
| Modifying agency | BD-RjUL |
| 041 ## - LANGUAGE CODE | |
| Language code of text/sound track or separate title | eng |
| 082 ## - DEWEY DECIMAL CLASSIFICATION NUMBER | |
| Edition number | 23 |
| Classification number | 615.32 |
| Author mark and year | MED 1995 |
| 245 00 - TITLE STATEMENT | |
| Title | Medicinal and aromatic plants in Asia : |
| Remainder of title | breeding and improvement / |
| Statement of responsibility, etc. | Narong Chomchalow and Hans V. Henle |
| 250 ## - EDITION STATEMENT | |
| Edition statement | 1st Indian ed. |
| 260 ## - PUBLICATION, DISTRIBUTION, ETC. (IMPRINT) | |
| Place of publication, distribution, etc. | New Delhi : |
| Name of publisher, distributor, etc. | Oxford & IBA Pub. Co PVT. Ltd. |
| Date of publication, distribution, etc. | 1995. |
| 300 ## - PHYSICAL DESCRIPTION | |
| Pagination | 196 p. ; |
| Size | 24 cm. |
| 490 ## - SERIES STATEMENT | |
| Series statement | Rapa Publication : 1993/19 |
| 650 ## - SUBJECT ADDED ENTRY--TOPICAL TERM | |
| Topical term or geographic name as entry element | Plants |
| 9 (RLIN) | 204235 |
| 700 ## - ADDED ENTRY--PERSONAL NAME | |
| Personal name | Chomchalow, Narong |
| Personal name | Henle, Hans V. |
| 830 ## - SERIES ADDED ENTRY--UNIFORM TITLE | |
| Uniform title | Rapa Publication : 1993/19 |
| 942 ## - ADDED ENTRY ELEMENTS (KOHA) | |
| Source of classification or shelving scheme | Dewey Decimal Classification |
| Koha item type | Books |
| Lost status | Source of classification or shelving scheme | Damaged status | Not for loan | Collection code | Permanent Location | Current Location | Shelving location | Date acquired | Source of acquisition | Cost, normal purchase price | Total Checkouts | Full call number | Date last seen | Copy number | Koha item type |
|---|---|---|---|---|---|---|---|---|---|---|---|---|---|---|---|
| Dewey Decimal Classification | Not For Loan | Non-fiction | Central Library, University of Rajshahi | Central Library, University of Rajshahi | Reading Room | 21/07/1997 | Century Books, Rajshahi | 472.00 | 615.32 MED 1995 | 08/04/2017 | C-1 | Books |